01187cam a22003377a 4500003000500000005001700005008004100022010001000063011001000073035001000083040000900093082001600102110000800118245009200126260002300218300001100241490004500252590004100297590004100338590004100379590004100420590004200461650003900503650004000542830005200582901000700634942001000641949005500651999001700706952012600723CHAP20220817043230.0971013s1989 r 00010 d a69136 a70108 a79588 cCHAP a338.16bF38 aFAO10aSustainable agricultural production implication for international agricultural research aRome :bFAO,c1989 a131 p. 0aFAO. Investigación y tecnologíav; 4 aBATCH-UPDb10c20130110lUCH01h2017 aBATCH-UPDb10c20130410lUCH01h1335 aBATCH-UPDb10c20130914lUCH01h1941 aBATCH-UPDb10c20140805lUCH01h1146 aCONVERSIONb10c20130109lUCH01h133814aAgricultura de subsistencia.9199814aAgriculturaxInvestigación.9157700aFAO. Investigación y tecnologíav; 4939606 aBK cLIBRO a338.16 F38bBCcFAOd-32477eFAO1h75750i79588si c69136d69136 00104053708FAOaBCbBCcPP_FAOd2019-12-31fLIBROi127l0o338.16 F38p-32477r2019-12-31 00:00:00w2019-12-31yLIBRO